000 00453nam a2200181Ia 4500
005 20250603145329.0
008 250603s9999 xx 000 0 und d
020 _a9781839216411
050 _aQA76.9 .D86/
100 _aMark Dunkerley, Matt Tumbarello.
245 0 _aMastering windowa security and Hardening.
250 _a2nd edi.
260 _aUnited Kingdom
260 _c2022
300 _a790 p
650 _aUnited Kingdom
942 _cBK
999 _c41545
_d41545